00337pab a2200121 454500008004000000100001800040245009200058260000900150300001200159362001100171650001300182773002000195180718b2005 xxu||||| |||| 00| 0 eng d aSaravanan, P. aIdentification of research topic and effective literature review: the management domain c2005 ap.8-10. a24 Oct aResearch aUniversity News